000 00392nam a2200169Ia 4500
008 210210b1968 xxu||||| |||| 00| 0 eng d
041 _aeng
082 _a580/35
100 _aCHOPRA (G L)
245 _aClassbook of Bryophyta
260 _aJullundur
_bHari Singh & Brothers
_c1968
650 _aof
650 _aClassbook
650 _aBryophyta
690 _aBotany
906 _a010304
999 _c138072
_d138072